000 00341nam a22001217a 4500
999 _c9459
_d9459
003 OSt
008 201203b ||||| |||| 00| 0 eng d
245 _aNew Cloth Market
250 _a2015( Sep Vol.29 No.9, Oct Vol.29 No.10, Nov Vol.29 No.11, Dec Vol.29 No.12 )
260 _aAhmedabad
_bIIMS
650 _aTextile Engineering
942 _2ddc
_cBV